01805nam a2200277 u 4500001001000000003000400010005001700014008004100031020001800072040001300090041000900103043001200112100003200124245006100156250001200217260003000229300001100259490004200270520105200312650002901364650002601393650002201419650003001441650002601471650003001497000056949OSt20210701132438.0100412s2012 ck r 000 0 spa d a9789585710337 cCO-MqBPB0 a~spa as-ck---1 aGarcía Márquez, Gabriel14aDel amor y otros demonios /cGabriel García Márquez. a1a. ed. aBogotá :bNorma,c2012. a147 p. 0aGabriel García Márquez Para Todos3 a"El 26 de octubre de 1949 el reportero Gabriel García Márquez fue enviado al antiguo convento de Santa Clara, que iba a ser demolido para edificar sobre él un hotel de cinco estrellas, a presenciar el vaciado de las criptas funerarias y a cubrir la noticia. Se exhumaron los restos de un virrey del Perú y su amante secreta, u n obispo, varias abadesas, un bachiller de artes y una marquesa. Pero la sorpresa saltó al destapar la tercera hornacina del altar mayor: se desparramó una cabellera de color cobre, de veintidós metros y once centímetros de largo, perteneciente a una niña. En la lápida apenas se leía el nombre: Sierva María de Todos los Ángeles. «Mi abuela me contaba de niño la leyenda de una marquesita de doce años cuya cabellera le arrastraba como una cola de novia, que había muerto del mal de rabia por el mordisco de un perro, y era venerada en los pueblos del Caribe por sus muchos milagros. La idea de que esa tumba pudiera ser la suya fue mi noticia de aquel día y el origen de este libro."14aCuento adulto colombiano24aLiteratura colombiana24aRealismo mágico24aMilagros en la literatura24aAmor en la literatura24aDemonios en la literatura